| 000 | 01052naa a2200265 c 4500 | ||
|---|---|---|---|
| 001 | 49422 | ||
| 999 |
_c49422 _d49422 |
||
| 003 | ES-MaCES | ||
| 005 | 20170517105012.0 | ||
| 008 | 170517s2017 sp ||||| t||||||| ||spa d | ||
| 040 |
_aES-MaCES _bspa _cES-MaCES _dES-MaCES |
||
| 100 | 1 |
_920324 _aPanizo Robles, José Antonio |
|
| 245 | 1 | 3 |
_aLa ampliación de la suspensión laboral y de la prestación de seguridad social _cJosé Antonio Panizo Robles |
| 650 | 4 |
_929514 _alicencia de paternidad |
|
| 650 | 4 |
_930681 _alicencia familiar |
|
| 650 | 4 |
_927062 _acuidado infantil |
|
| 650 | 4 |
_929076 _aprotección social |
|
| 650 | 4 |
_927034 _aseguridad social |
|
| 650 | 4 |
_927038 _aprestaciones familiares |
|
| 650 | 4 |
_930465 _apago de prestaciones |
|
| 650 | 4 |
_929855 _alegislación de seguridad social |
|
| 653 | 1 | 0 | _aSeguridad Social |
| 773 | 0 |
_985912 _dValladolid (Avda. Reyes Católicos, 11, 47008) Lex nova _o088810 _tInformación laboral _w(ES-MaCES)25782 _gn. 1 (2017) {55/796 R. 088810} ;p. 123-129 |
|
| 902 | _aART Artículo de revista | ||
| 942 |
_2CES _cAR _h3.0. |
||